Masculinidad es: identidad, sexualidad y familia. Sección I: Construcción de la s identidad es masculinas /
Αποθηκεύτηκε σε:
| Κύριος συγγραφέας: | |
|---|---|
| Άλλοι συγγραφείς: | |
| Μορφή: | Άγνωστο |
| Έκδοση: |
Santiago:
FLACSO. Sede Chile
|
| Θέματα: | |
| Ετικέτες: |
Προσθήκη ετικέτας
Δεν υπάρχουν, Καταχωρήστε ετικέτα πρώτοι!
|
MARC
| LEADER | 00000 a2200000 04500 | ||
|---|---|---|---|
| 001 | 19100 | ||
| 003 | |||
| 008 | 991231s d | ||
| 040 | |||
| 090 | |a 145104 | ||
| 100 | |a Olavarría, José | ||
| 245 | |a Masculinidad es: identidad, sexualidad y familia. Sección I: Construcción de la s identidad es masculinas / |c José Olavarría | ||
| 260 | |a Santiago: |b FLACSO. Sede Chile | ||
| 300 | |a 115 p. | ||
| 650 | |a HOMBRES | ||
| 650 | |a VARONES | ||
| 650 | |a IDENTIDAD CULTURAL | ||
| 700 | |a | ||
| 700 | |a Parrini, Rodrigo | ||
| 700 | |a | ||
| 999 | |c 13196 |d 13196 | ||
